000 00498nam a2200181Ia 4500
008 100920s9999 xx 000 0 und d
082 _b98575
_a24 न 07
100 _aप्रभावळकर दिलीप.
245 _aझुम.
260 _bअक्षर प्रकाशन, मुंबई.
_c2007
300 _a127
_bसाधी
365 _b150
520 _aसायो.
630 _aझुम.
650 _aसायो.
730 _aझुम.
942 _cBOOK
999 _c739013
_d739010